| 000 | 00597nam a22001817a 4500 | ||
|---|---|---|---|
| 005 | 20231031082150.0 | ||
| 008 | 231031b |||||||| |||| 00| 0 eng d | ||
| 020 | _a0702153907 | ||
| 041 | _aEnglish / Afrikaans | ||
| 082 | _a347.6 LAW | ||
| 100 |
_aVan Der Merwe, T et al. _lEnglish / Afrikaans |
||
| 245 |
_aThe Law of Evidence : _bCases and Statutes / _cT van der Merwe et al. |
||
| 250 | _aSecond Edition | ||
| 260 |
_aCape Town : _bJuta and Company Ltd, _c2000 |
||
| 300 |
_bix, 330 pages ; _c25,4 cm. |
||
| 650 |
_alegal practice _bLaw |
||
| 942 |
_cBK _6ALISON_BN_VRIES |
||
| 999 |
_c169 _d169 |
||